000 00460nam a22001577a 4500
005 20251108165202.0
008 250721s1996 xx 000 0 ara d
082 1 4 _a332.1/حسن
100 1 _aعبيد، حسن أحمد
245 1 0 _aالنقود و البنوك و التوازن الإقتصادي /
264 1 _aالقاهرة :
_bجامعة القاهرة،
_c1996.
300 _a276ص
650 1 7 _aالبنوك
942 _2ddc
_cBK
999 _c21561
_d21561